|
|
|
|
| LEADER |
00000ckm a2200000 a 4500 |
| 001 |
vtls001390243 |
| 003 |
SK-MaSNL |
| 005 |
20260301071418.0 |
| 008 |
180126q1940 xo g 0kuslo |
| 020 |
|
|
|c 40,00 Sk
|
| 035 |
|
|
|a SNK000344512
|
| 040 |
|
|
|a SNK
|b slo
|c SNK
|e AACR2
|
| 041 |
0 |
|
|a slo
|
| 044 |
|
|
|a xo
|c SK
|
| 080 |
|
|
|a 779
|2 1981
|
| 110 |
0 |
|
|a Sliač (Slovensko)
|b Kúpele
|4 aut
|9 283875
|
| 245 |
1 |
0 |
|a Sliač kúpele
|h grafika
|
| 260 |
|
|
|a [Bratislava]
|b Slovakotour
|c [1940?]
|
| 300 |
|
|
|a 1 pohľadnica
|c 9x14 cm
|
| 610 |
|
7 |
|a Kúpele Sliač (Slovensko)
|2 SNKKA
|9 174835
|
| 651 |
|
7 |
|a Sliač (Slovensko)
|2 SNKPH
|9 17143
|
| 655 |
|
7 |
|a miestne pohľadnice
|2 SNKPH
|9 70510
|
| 958 |
|
|
|a GC
|
| 999 |
|
|
|c 637745
|d 639675
|
| 952 |
|
|
|t P60, <03>, [BOOK], {603}
|a SNK
|b SNK
|y PREZ
|7 0
|o snkSP 148943
|i snkPV 172/2000
|0 0
|1 0
|4 0
|d 2000-06-06
|l 0
|r 2005-01-02 00:00:00
|w 2026-02-23
|